000
00266nam a2200109Ia 4500
008
240625s9999 xx 000 0 und d
041
_a
eng
082
_a
070.449796 SCH
100
_a
SCHULTZ BRAD
245
_a
SPORTS MEDIA REPORTING PRODUCING AND PLA
260
_c
2007
999
_c
33557
_d
33557